[Event "VIII Miedzynarodowy Memorial Ferdynanda Dziedzica"]
[Site "Trzcianka"]
[Date "2018.10.14"]
[Round "1.1"]
[White "Moiseenko, Alexander"]
[Black "Majdanski, Maksymilian"]
[Result "1-0"]
[BlackElo "1612"]
[WhiteElo "2680"]
[LiveChessVersion "1.4.8"]

1. d4 {[%clk 0:10:07]} Nf6 {[%clk 0:10:08]} 2. c4 {[%clk 0:10:08]} c5
{[%clk 0:10:11]} 3. d5 {[%clk 0:10:10]} b5 {[%clk 0:10:15]} 4. cxb5
{[%clk 0:10:08]} a6 {[%clk 0:10:18]} 5. e3 {[%clk 0:10:12]} g6 {[%clk 0:10:10]}
6. Nc3 {[%clk 0:10:13]} d6 {[%clk 0:09:57]} 7. Nf3 {[%clk 0:09:58]} Bg7
{[%clk 0:09:44]} 8. a4 {[%clk 0:09:19]} O-O {[%clk 0:09:03]} 9. e4
{[%clk 0:09:06]} Nbd7 {[%clk 0:07:40]} 10. h3 {[%clk 0:07:50]} Ne8
{[%clk 0:06:50]} 11. bxa6 {[%clk 0:07:33]} Bxa6 {[%clk 0:06:46]} 12. Bxa6
{[%clk 0:07:37]} Rxa6 {[%clk 0:06:49]} 13. O-O {[%clk 0:07:39]} Nc7
{[%clk 0:05:42]} 14. Qc2 {[%clk 0:07:10]} h6 {[%clk 0:04:32]} 15. b3
{[%clk 0:06:53]} Qa8 {[%clk 0:03:29]} 16. Bb2 {[%clk 0:06:47]} Rb8
{[%clk 0:03:10]} 17. Nd1 {[%clk 0:05:53]} Bxb2 {[%clk 0:02:39]} 18. Nxb2
{[%clk 0:05:56]} Nb5 {[%clk 0:02:02]} 19. Rfd1 {[%clk 0:04:53]} Nb6
{[%clk 0:01:40]} 20. Qc1 {[%clk 0:04:33]} Nc7 {[%clk 0:01:33]} 21. Qxh6
{[%clk 0:04:25]} Nd7 {[%clk 0:01:18]} 22. Nd2 {[%clk 0:03:41]} Ra7
{[%clk 0:00:53]} 23. Nbc4 {[%clk 0:03:38]} Nb6 {[%clk 0:00:37]} 24. Nxb6
{[%clk 0:03:11]} Rxb6 {[%clk 0:00:41]} 25. Rac1 {[%clk 0:03:15]} Na6
{[%clk 0:00:36]} 26. Rc3 {[%clk 0:03:05]} Nb4 {[%clk 0:00:26]} 27. h4
{[%clk 0:03:01]} Qf8 {[%clk 0:00:22]} 28. Qg5 {[%clk 0:02:27]} Qg7
{[%clk 0:00:16]} 29. Rg3 {[%clk 0:02:30]} Kh7 {[%clk 0:00:10]} 30. h5
{[%clk 0:02:32]} Ra8 {[%clk 0:00:14]} 31. Qxe7 {[%clk 0:02:19]} Rab8
{[%clk 0:00:09]} 32. hxg6+ {[%clk 0:02:21]} fxg6 {[%clk 0:00:13]} 33. Rh3+
{[%clk 0:02:23]} Kg8 {[%clk 0:00:17]} 34. Qe6+ {[%clk 0:02:26]} Kf8
{[%clk 0:00:21]} 35. Rf3+ {[%clk 0:02:30]} 1-0

[Event "VIII Miedzynarodowy Memorial Ferdynanda Dziedzica"]
[Site "Trzcianka"]
[Date "2018.10.14"]
[Round "1.2"]
[White "Majdecki, Robert"]
[Black "Piorun, Kacper"]
[Result "0-1"]
[BlackElo "2636"]
[WhiteElo "1606"]
[LiveChessVersion "1.4.8"]

1. d4 {[%clk 0:10:07]} f5 {[%clk 0:10:08]} 2. c4 {[%clk 0:10:06]} Nf6
{[%clk 0:10:11]} 3. Nc3 {[%clk 0:10:05]} e6 {[%clk 0:10:14]} 4. g3
{[%clk 0:09:59]} Bb4 {[%clk 0:10:17]} 5. Bd2 {[%clk 0:09:39]} a5 {[%clk 0:10:10]}
6. a3 {[%clk 0:09:12]} Bxc3 {[%clk 0:10:05]} 7. Bxc3 {[%clk 0:08:49]} Ne4
{[%clk 0:10:08]} 8. Qc2 {[%clk 0:08:25]} d6 {[%clk 0:09:51]} 9. Bg2
{[%clk 0:08:10]} Nxc3 {[%clk 0:09:54]} 10. Qxc3 {[%clk 0:07:53]} a4
{[%clk 0:09:56]} 11. e3 {[%clk 0:07:01]} O-O {[%clk 0:09:55]} 12. Ne2
{[%clk 0:06:12]} Qe7 {[%clk 0:09:16]} 13. O-O {[%clk 0:06:01]} Nd7
{[%clk 0:08:34]} 14. Rae1 {[%clk 0:04:45]} Nf6 {[%clk 0:08:11]} 15. Nf4
{[%clk 0:04:10]} g5 {[%clk 0:05:54]} 16. Nd3 {[%clk 0:03:46]} Ne4
{[%clk 0:05:53]} 17. Qc2 {[%clk 0:03:30]} Bd7 {[%clk 0:05:43]} 18. Nb4
{[%clk 0:03:29]} c5 {[%clk 0:05:37]} 19. dxc5 {[%clk 0:03:24]} Nxc5
{[%clk 0:04:59]} 20. Rd1 {[%clk 0:03:23]} Be8 {[%clk 0:04:52]} 21. Nd3
{[%clk 0:02:57]} Nb3 {[%clk 0:03:54]} 22. Nb4 {[%clk 0:02:45]} Bh5
{[%clk 0:03:38]} 23. Rd3 {[%clk 0:02:21]} Rac8 {[%clk 0:03:42]} 24. Rxb3
{[%clk 0:01:54]} axb3 {[%clk 0:03:45]} 25. Qxb3 {[%clk 0:01:57]} Be2
{[%clk 0:03:26]} 26. Rc1 {[%clk 0:01:59]} d5 {[%clk 0:03:22]} 27. Qc2
{[%clk 0:00:19]} Rxc4 {[%clk 0:03:17]} 28. Qd2 {[%clk 0:00:16]} Rxc1+
{[%clk 0:03:15]} 29. Qxc1 {[%clk 0:00:19]} Qd7 {[%clk 0:02:56]} 30. Qd2
{[%clk 0:00:22]} Bh5 {[%clk 0:02:45]} 31. f4 {[%clk 0:00:22]} Qa4
{[%clk 0:01:41]} 32. Nd3 {[%clk 0:00:17]} Qd1+ {[%clk 0:01:30]} 33. Qxd1
{[%clk 0:00:20]} Bxd1 {[%clk 0:01:34]} 34. Kf2 {[%clk 0:00:22]} gxf4
{[%clk 0:01:20]} 35. gxf4 {[%clk 0:00:25]} Kf7 {[%clk 0:01:22]} 36. Ne5+
{[%clk 0:00:25]} Ke7 {[%clk 0:01:27]} 37. Bf1 {[%clk 0:00:27]} Rc8
{[%clk 0:01:28]} 38. Bd3 {[%clk 0:00:24]} Bc2 {[%clk 0:01:30]} 39. Ke2
{[%clk 0:00:27]} Bxd3+ {[%clk 0:01:31]} 40. Kxd3 {[%clk 0:00:31]} Rc1
{[%clk 0:01:33]} 0-1

[Event "VIII Miedzynarodowy Memorial Ferdynanda Dziedzica"]
[Site "Trzcianka"]
[Date "2018.10.14"]
[Round "1.3"]
[White "Tomczak, Jacek"]
[Black "Filipiak, Pawel"]
[Result "1-0"]
[BlackElo "1599"]
[WhiteElo "2546"]
[LiveChessVersion "1.4.8"]

1. e4 {[%clk 0:10:08]} e6 {[%clk 0:10:08]} 2. d4 {[%clk 0:10:11]} d5
{[%clk 0:10:12]} 3. Bd3 {[%clk 0:10:12]} c5 {[%clk 0:10:09]} 4. exd5
{[%clk 0:10:14]} Qxd5 {[%clk 0:09:59]} 5. Nc3 {[%clk 0:10:16]} Qd8
{[%clk 0:09:46]} 6. Nf3 {[%clk 0:10:17]} Nf6 {[%clk 0:09:38]} 7. Bf4
{[%clk 0:09:59]} Nc6 {[%clk 0:09:20]} 8. dxc5 {[%clk 0:09:32]} Bxc5
{[%clk 0:09:09]} 9. O-O {[%clk 0:09:32]} O-O {[%clk 0:08:59]} 10. Qe2
{[%clk 0:09:33]} Bd7 {[%clk 0:08:20]} 11. Ne4 {[%clk 0:09:21]} Nxe4
{[%clk 0:07:27]} 12. Qxe4 {[%clk 0:09:20]} f5 {[%clk 0:07:13]} 13. Qc4
{[%clk 0:09:10]} Qb6 {[%clk 0:06:47]} 14. a3 {[%clk 0:07:59]} Rac8
{[%clk 0:05:41]} 15. Qa2 {[%clk 0:07:56]} Kh8 {[%clk 0:04:48]} 16. Rae1
{[%clk 0:07:47]} Rce8 {[%clk 0:03:20]} 17. b4 {[%clk 0:07:44]} Be7
{[%clk 0:03:00]} 18. Bc4 {[%clk 0:07:19]} Nd8 {[%clk 0:02:41]} 19. Ne5
{[%clk 0:06:37]} Bb5 {[%clk 0:01:47]} 20. Bxb5 {[%clk 0:06:39]} Qxb5
{[%clk 0:01:50]} 21. c4 {[%clk 0:06:42]} Qa4 {[%clk 0:01:38]} 22. Qb2
{[%clk 0:05:25]} Bf6 {[%clk 0:01:02]} 23. Qc1 {[%clk 0:05:14]} Nc6
{[%clk 0:00:32]} 24. Nd7 {[%clk 0:05:11]} Rf7 {[%clk 0:00:34]} 25. Nc5
{[%clk 0:05:11]} Qa6 {[%clk 0:00:16]} 26. Nxa6 {[%clk 0:05:14]} bxa6
{[%clk 0:00:20]} 27. b5 {[%clk 0:05:04]} axb5 {[%clk 0:00:20]} 28. cxb5
{[%clk 0:05:06]} Nd4 {[%clk 0:00:18]} 29. Qc4 {[%clk 0:05:06]} Rfe7
{[%clk 0:00:16]} 30. Be5 {[%clk 0:05:05]} Rd8 {[%clk 0:00:13]} 31. h3
{[%clk 0:05:06]} Red7 {[%clk 0:00:12]} 32. Bxf6 {[%clk 0:05:06]} gxf6
{[%clk 0:00:15]} 33. Rxe6 {[%clk 0:05:07]} Nxe6 {[%clk 0:00:17]} 34. Qxe6
{[%clk 0:05:09]} Kg7 {[%clk 0:00:19]} 35. Qxf5 {[%clk 0:05:08]} Rd5
{[%clk 0:00:22]} 36. Qg4+ {[%clk 0:05:10]} Rg5 {[%clk 0:00:22]} 37. Qa4
{[%clk 0:05:11]} Kg8 {[%clk 0:00:06]} 38. Qc4+ {[%clk 0:05:07]} Kh8
{[%clk 0:00:06]} 39. Qc7 {[%clk 0:05:07]} Rdg8 {[%clk 0:00:09]} 40. g3
{[%clk 0:05:05]} R8g7 {[%clk 0:00:10]} 41. Qd8+ {[%clk 0:05:07]} Rg8
{[%clk 0:00:14]} 42. Qxf6+ {[%clk 0:05:09]} R5g7 {[%clk 0:00:17]} 43. Re1
{[%clk 0:05:11]} h5 {[%clk 0:00:20]} 44. Re5 {[%clk 0:05:11]} Rb8
{[%clk 0:00:13]} 45. Rxh5+ {[%clk 0:05:12]} Kg8 {[%clk 0:00:17]} 46. Qe6+
{[%clk 0:05:15]} Rf7 {[%clk 0:00:15]} 47. Rg5+ {[%clk 0:05:18]} Kf8
{[%clk 0:00:18]} 48. Qd6+ {[%clk 0:05:21]} Re7 {[%clk 0:00:21]} 49. Qxb8+
{[%clk 0:05:23]} Kf7 {[%clk 0:00:25]} 50. Qg8+ {[%clk 0:05:25]} Kf6
{[%clk 0:00:28]} 51. Qg6# 1-0

[Event "VIII Miedzynarodowy Memorial Ferdynanda Dziedzica"]
[Site "Trzcianka"]
[Date "2018.10.14"]
[Round "1.4"]
[White "Malinowski, Lukasz"]
[Black "Jaracz, Pawel"]
[Result "0-1"]
[BlackElo "2538"]
[WhiteElo "1597"]
[LiveChessVersion "1.4.8"]

1. d4 {[%clk 0:10:09]} Nf6 {[%clk 0:10:09]} 2. c4 {[%clk 0:10:12]} e6
{[%clk 0:10:13]} 3. Nc3 {[%clk 0:10:12]} Bb4 {[%clk 0:10:16]} 4. e3
{[%clk 0:10:15]} O-O {[%clk 0:10:18]} 5. Bd3 {[%clk 0:10:10]} c5 {[%clk 0:10:22]}
6. d5 {[%clk 0:10:07]} d6 {[%clk 0:10:17]} 7. Nge2 {[%clk 0:09:36]} Nbd7
{[%clk 0:10:16]} 8. O-O {[%clk 0:09:14]} Ne5 {[%clk 0:10:16]} 9. Ne4
{[%clk 0:07:50]} Re8 {[%clk 0:09:03]} 10. Nxf6+ {[%clk 0:06:49]} Qxf6
{[%clk 0:09:06]} 11. Nf4 {[%clk 0:06:15]} Bd7 {[%clk 0:08:47]} 12. dxe6
{[%clk 0:05:33]} fxe6 {[%clk 0:08:34]} 13. Be2 {[%clk 0:05:17]} Rad8
{[%clk 0:08:14]} 14. a3 {[%clk 0:05:05]} Ba5 {[%clk 0:08:17]} 15. Qxd6
{[%clk 0:04:40]} Bc6 {[%clk 0:08:18]} 16. Qxc5 {[%clk 0:02:57]} b6
{[%clk 0:08:21]} 17. Nh5 {[%clk 0:02:46]} bxc5 {[%clk 0:07:53]} 18. Nxf6+
{[%clk 0:02:50]} gxf6 {[%clk 0:07:57]} 19. b4 {[%clk 0:02:34]} Bb6
{[%clk 0:07:33]} 20. Bh5 {[%clk 0:02:22]} Re7 {[%clk 0:07:33]} 21. Bb2
{[%clk 0:02:08]} Rd2 {[%clk 0:07:20]} 22. Bxe5 {[%clk 0:02:11]} fxe5
{[%clk 0:07:23]} 23. f4 {[%clk 0:01:58]} Rxg2+ {[%clk 0:07:23]} 0-1

[Event "VIII Miedzynarodowy Memorial Ferdynanda Dziedzica"]
[Site "Trzcianka"]
[Date "2018.10.14"]
[Round "1.5"]
[White "Krasenkow, Michal"]
[Black "Szelag, Zuzanna"]
[Result "1-0"]
[BlackElo "1596"]
[WhiteElo "2524"]
[LiveChessVersion "1.4.8"]

1. e4 {[%clk 0:10:08]} c5 {[%clk 0:10:08]} 2. Nc3 {[%clk 0:10:11]} g6
{[%clk 0:10:10]} 3. g3 {[%clk 0:10:15]} Bg7 {[%clk 0:10:12]} 4. Bg2
{[%clk 0:10:19]} Nc6 {[%clk 0:10:14]} 5. d3 {[%clk 0:10:22]} d6 {[%clk 0:10:16]}
6. Nh3 {[%clk 0:10:22]} Nf6 {[%clk 0:10:09]} 7. O-O {[%clk 0:10:23]} O-O
{[%clk 0:10:05]} 8. f4 {[%clk 0:10:26]} Nd4 {[%clk 0:09:59]} 9. Nf2
{[%clk 0:10:16]} e5 {[%clk 0:09:38]} 10. f5 {[%clk 0:10:03]} b5 {[%clk 0:09:06]}
11. Bg5 {[%clk 0:09:44]} Qb6 {[%clk 0:08:38]} 12. Bxf6 {[%clk 0:09:43]} Bxf6
{[%clk 0:08:37]} 13. Nd5 {[%clk 0:09:47]} Qd8 {[%clk 0:08:40]} 14. c3
{[%clk 0:09:42]} Nc6 {[%clk 0:08:30]} 15. Ng4 {[%clk 0:09:45]} Bg7
{[%clk 0:07:49]} 16. f6 {[%clk 0:09:45]} Bxg4 {[%clk 0:07:33]} 17. Qxg4
{[%clk 0:09:47]} Bh8 {[%clk 0:07:23]} 18. h4 {[%clk 0:08:41]} Qc8
{[%clk 0:05:48]} 19. Qg5 {[%clk 0:08:32]} h5 {[%clk 0:05:26]} 20. Bf3
{[%clk 0:07:08]} Kh7 {[%clk 0:04:54]} 21. Bxh5 {[%clk 0:07:06]} Rb8
{[%clk 0:02:57]} 22. Bg4 {[%clk 0:07:01]} Qd8 {[%clk 0:02:52]} 23. h5
{[%clk 0:07:01]} Rb7 {[%clk 0:02:33]} 24. hxg6+ {[%clk 0:06:47]} fxg6
{[%clk 0:02:36]} 25. Kg2 {[%clk 0:06:46]} Qe8 {[%clk 0:02:21]} 26. Rh1+
{[%clk 0:06:02]} Kg8 {[%clk 0:02:24]} 27. Be6+ {[%clk 0:05:28]} Qxe6
{[%clk 0:02:20]} 28. Qxg6+ {[%clk 0:05:31]} Bg7 {[%clk 0:02:06]} 29. f7+
{[%clk 0:04:36]} Qxf7 {[%clk 0:02:02]} 30. Qh7# 1-0

[Event "VIII Miedzynarodowy Memorial Ferdynanda Dziedzica"]
[Site "Trzcianka"]
[Date "2018.10.14"]
[Round "1.6"]
[White "Rogala, Milosz"]
[Black "Kantans, Toms"]
[Result "0-1"]
[BlackElo "2513"]
[WhiteElo "1590"]
[LiveChessVersion "1.4.8"]

1. e4 {[%clk 0:10:07]} c5 {[%clk 0:10:09]} 2. Nf3 {[%clk 0:10:09]} Nf6
{[%clk 0:10:13]} 3. Nc3 {[%clk 0:10:10]} Nc6 {[%clk 0:10:17]} 4. d4
{[%clk 0:10:14]} d5 {[%clk 0:10:21]} 5. exd5 {[%clk 0:09:50]} Nxd5
{[%clk 0:10:25]} 6. Nxd5 {[%clk 0:09:40]} Qxd5 {[%clk 0:10:28]} 7. dxc5
{[%clk 0:09:43]} Qxd1+ {[%clk 0:10:30]} 8. Kxd1 {[%clk 0:09:47]} e5
{[%clk 0:10:31]} 9. Be3 {[%clk 0:09:42]} Bg4 {[%clk 0:10:34]} 10. Be2
{[%clk 0:09:44]} f5 {[%clk 0:10:38]} 11. h3 {[%clk 0:08:46]} O-O-O+
{[%clk 0:09:35]} 12. Kc1 {[%clk 0:07:50]} Bxf3 {[%clk 0:09:30]} 13. Bxf3
{[%clk 0:07:44]} f4 {[%clk 0:09:28]} 14. Bd2 {[%clk 0:07:18]} Bxc5
{[%clk 0:09:31]} 15. Bxc6 {[%clk 0:07:04]} bxc6 {[%clk 0:09:35]} 16. Re1
{[%clk 0:07:06]} Bxf2 {[%clk 0:09:15]} 17. Rxe5 {[%clk 0:07:05]} Rhe8
{[%clk 0:08:57]} 18. Rxe8 {[%clk 0:05:56]} Rxe8 {[%clk 0:09:00]} 19. c3
{[%clk 0:05:59]} Bg3 {[%clk 0:05:57]} 20. Kd1 {[%clk 0:04:09]} Kd7
{[%clk 0:05:41]} 21. Rc1 {[%clk 0:03:21]} Kd6 {[%clk 0:05:07]} 22. c4
{[%clk 0:03:13]} g5 {[%clk 0:04:51]} 23. Rc3 {[%clk 0:03:01]} Kc5
{[%clk 0:04:50]} 24. b3 {[%clk 0:02:56]} Kd4 {[%clk 0:04:52]} 25. Rf3
{[%clk 0:02:36]} h5 {[%clk 0:04:47]} 26. Bc3+ {[%clk 0:02:07]} Ke4
{[%clk 0:04:51]} 27. Kc2 {[%clk 0:01:58]} g4 {[%clk 0:04:27]} 28. hxg4
{[%clk 0:01:58]} hxg4 {[%clk 0:04:31]} 29. Rf1 {[%clk 0:02:00]} Ke3
{[%clk 0:04:10]} 30. Rd1 {[%clk 0:01:24]} Kf2 {[%clk 0:04:11]} 31. Rd2+
{[%clk 0:01:12]} Kf1 {[%clk 0:04:06]} 32. a4 {[%clk 0:00:23]} Bf2
{[%clk 0:03:17]} 33. b4 Kxg2 0-1

[Event "VIII Miedzynarodowy Memorial Ferdynanda Dziedzica"]
[Site "Trzcianka"]
[Date "2018.10.14"]
[Round "1.7"]
[White "Tomczak, Mikolaj"]
[Black "Izydor, Wlodzimierz"]
[Result "1-0"]
[BlackElo "1588"]
[WhiteElo "2448"]
[LiveChessVersion "1.4.8"]

1. d4 {[%clk 0:10:08]} d5 {[%clk 0:10:09]} 2. c4 {[%clk 0:10:12]} e6
{[%clk 0:10:13]} 3. Nc3 {[%clk 0:10:15]} Nf6 {[%clk 0:10:16]} 4. cxd5
{[%clk 0:10:18]} Nxd5 {[%clk 0:10:19]} 5. e4 {[%clk 0:10:20]} Nxc3
{[%clk 0:10:21]} 6. bxc3 {[%clk 0:10:24]} Be7 {[%clk 0:10:23]} 7. Nf3
{[%clk 0:10:27]} O-O {[%clk 0:10:25]} 8. Be2 {[%clk 0:10:22]} a6 {[%clk 0:10:12]}
9. O-O {[%clk 0:10:23]} b5 {[%clk 0:10:16]} 10. a4 {[%clk 0:10:25]} b4
{[%clk 0:10:13]} 11. cxb4 {[%clk 0:10:26]} Bxb4 {[%clk 0:10:16]} 12. Bb2
{[%clk 0:10:27]} c5 {[%clk 0:10:16]} 13. d5 {[%clk 0:10:10]} exd5
{[%clk 0:10:06]} 14. exd5 {[%clk 0:10:12]} Bb7 {[%clk 0:09:55]} 15. d6
{[%clk 0:10:03]} Nd7 {[%clk 0:09:13]} 16. Qd3 {[%clk 0:08:47]} a5
{[%clk 0:08:41]} 17. Rfd1 {[%clk 0:08:36]} Ba6 {[%clk 0:08:40]} 18. Qc2
{[%clk 0:08:39]} Bxe2 {[%clk 0:08:32]} 19. Qxe2 {[%clk 0:08:43]} Re8
{[%clk 0:08:29]} 20. Qc4 {[%clk 0:08:44]} Nb6 {[%clk 0:07:37]} 21. Qg4
{[%clk 0:08:47]} f6 {[%clk 0:07:25]} 22. d7 {[%clk 0:07:59]} Rf8 {[%clk 0:06:43]}
23. Rd6 {[%clk 0:07:41]} c4 {[%clk 0:05:33]} 24. Qe6+ {[%clk 0:07:43]} Kh8
{[%clk 0:05:25]} 25. Rxb6 {[%clk 0:07:45]} c3 {[%clk 0:05:15]} 26. Ba3
{[%clk 0:07:17]} Rb8 {[%clk 0:04:36]} 27. Rxb8 {[%clk 0:07:06]} Qxb8
{[%clk 0:04:39]} 28. Bxb4 {[%clk 0:07:09]} axb4 {[%clk 0:04:41]} 29. Nd4
{[%clk 0:07:10]} Qe5 {[%clk 0:03:50]} 30. Qxe5 {[%clk 0:07:05]} fxe5
{[%clk 0:03:54]} 31. Nb3 {[%clk 0:06:43]} Rd8 {[%clk 0:03:19]} 32. Nc5
{[%clk 0:06:46]} b3 {[%clk 0:03:13]} 33. Nxb3 {[%clk 0:06:45]} Rxd7
{[%clk 0:03:18]} 34. Kf1 {[%clk 0:06:46]} Rb7 {[%clk 0:03:12]} 35. Rd1
{[%clk 0:06:34]} h6 {[%clk 0:03:13]} 36. Nc1 {[%clk 0:06:37]} Rb1
{[%clk 0:03:09]} 37. Ke2 {[%clk 0:06:33]} c2 {[%clk 0:03:13]} 38. Re1
{[%clk 0:06:37]} Ra1 {[%clk 0:03:13]} 39. Kd2 {[%clk 0:06:40]} Rxa4
{[%clk 0:03:13]} 40. Kxc2 {[%clk 0:06:42]} Ra5 {[%clk 0:03:15]} 41. Re2
{[%clk 0:06:23]} g5 {[%clk 0:03:18]} 42. Nd3 {[%clk 0:06:25]} Ra2+
{[%clk 0:03:18]} 43. Kd1 {[%clk 0:06:28]} Ra1+ {[%clk 0:03:21]} 44. Kd2
{[%clk 0:06:31]} Ra2+ {[%clk 0:03:25]} 45. Ke3 {[%clk 0:06:34]} Ra5
{[%clk 0:03:25]} 46. Ke4 {[%clk 0:06:37]} Kg7 {[%clk 0:03:20]} 47. Rb2
{[%clk 0:06:39]} Ra6 {[%clk 0:02:52]} 48. Nxe5 {[%clk 0:06:37]} Kf6
{[%clk 0:02:55]} 49. Nd3 {[%clk 0:06:33]} Re6+ {[%clk 0:02:49]} 50. Kf3
{[%clk 0:06:35]} Rd6 {[%clk 0:02:51]} 51. Ke3 {[%clk 0:06:33]} h5
{[%clk 0:02:53]} 52. Rb5 {[%clk 0:06:34]} Re6+ {[%clk 0:02:55]} 53. Kd2
{[%clk 0:06:36]} Rd6 {[%clk 0:02:55]} 54. Rc5 {[%clk 0:06:32]} h4
{[%clk 0:02:52]} 55. h3 {[%clk 0:06:36]} Ra6 {[%clk 0:02:53]} 56. Nb4
{[%clk 0:06:38]} Rd6+ {[%clk 0:02:54]} 57. Ke2 {[%clk 0:06:40]} Rb6
{[%clk 0:02:54]} 58. Rc6+ {[%clk 0:06:43]} Rxc6 {[%clk 0:02:58]} 59. Nxc6
{[%clk 0:06:47]} Kf5 {[%clk 0:03:02]} 60. Kf3 {[%clk 0:06:49]} Kf6
{[%clk 0:02:59]} 61. Kg4 Kg6 62. Ne5+ {[%clk 0:06:56]} Kh6 {[%clk 0:03:05]} 63.
Nf3 {[%clk 0:07:00]} Kg6 {[%clk 0:03:08]} 64. Nxg5 {[%clk 0:07:03]} 1-0

[Event "VIII Miedzynarodowy Memorial Ferdynanda Dziedzica"]
[Site "Trzcianka"]
[Date "2018.10.14"]
[Round "1.8"]
[White "Lesien, Przemyslaw"]
[Black "Jedynak, Radoslaw"]
[Result "0-1"]
[BlackElo "2424"]
[WhiteElo "1584"]
[LiveChessVersion "1.4.8"]

1. e4 {[%clk 0:10:08]} e6 {[%clk 0:10:09]} 2. d4 {[%clk 0:10:11]} d5
{[%clk 0:10:13]} 3. e5 {[%clk 0:10:15]} c5 {[%clk 0:10:17]} 4. c3
{[%clk 0:10:14]} Qb6 {[%clk 0:10:20]} 5. Qb3 {[%clk 0:10:07]} Qxb3
{[%clk 0:10:15]} 6. axb3 {[%clk 0:10:10]} cxd4 {[%clk 0:10:18]} 7. cxd4
{[%clk 0:10:14]} Nc6 {[%clk 0:10:11]} 8. Be3 {[%clk 0:10:00]} Nge7
{[%clk 0:10:07]} 9. Nc3 {[%clk 0:10:02]} Nf5 {[%clk 0:10:03]} 10. Nf3
{[%clk 0:09:59]} Bd7 {[%clk 0:10:02]} 11. Bd3 {[%clk 0:09:57]} Nxe3
{[%clk 0:09:47]} 12. fxe3 {[%clk 0:10:00]} Be7 {[%clk 0:09:50]} 13. O-O
{[%clk 0:10:00]} O-O {[%clk 0:09:45]} 14. e4 {[%clk 0:09:58]} Nb4
{[%clk 0:09:45]} 15. Bb1 {[%clk 0:09:25]} Bc6 {[%clk 0:09:48]} 16. exd5
{[%clk 0:08:47]} Nxd5 {[%clk 0:09:51]} 17. Nxd5 {[%clk 0:08:06]} Bxd5
{[%clk 0:09:54]} 18. Nd2 {[%clk 0:08:08]} Rfd8 {[%clk 0:09:42]} 19. Rd1
{[%clk 0:07:57]} Bb4 {[%clk 0:09:27]} 20. Be4 {[%clk 0:07:29]} a6
{[%clk 0:07:14]} 21. Bxd5 {[%clk 0:07:14]} Rxd5 {[%clk 0:07:18]} 22. Nf3
{[%clk 0:06:12]} Rad8 {[%clk 0:06:18]} 23. Rdc1 {[%clk 0:06:11]} Ba5
{[%clk 0:05:55]} 24. Rc4 {[%clk 0:06:11]} Bb6 {[%clk 0:05:28]} 25. Rac1
{[%clk 0:06:13]} g6 {[%clk 0:04:46]} 26. Rd1 {[%clk 0:04:32]} Rb5
{[%clk 0:04:25]} 27. b4 {[%clk 0:04:23]} Rd7 {[%clk 0:04:08]} 28. Kf2
{[%clk 0:04:22]} Bd8 {[%clk 0:04:11]} 29. Ke3 {[%clk 0:04:07]} Be7
{[%clk 0:04:14]} 30. Rdc1 {[%clk 0:03:45]} Bxb4 {[%clk 0:03:57]} 31. Rc8+
{[%clk 0:03:20]} Kg7 {[%clk 0:04:01]} 32. R1c7 {[%clk 0:03:07]} Rxc7
{[%clk 0:03:26]} 33. Rxc7 {[%clk 0:03:11]} Ba5 {[%clk 0:03:19]} 34. Rd7
{[%clk 0:03:02]} h6 {[%clk 0:03:16]} 35. Ke4 {[%clk 0:02:42]} Rxb2
{[%clk 0:03:15]} 36. d5 {[%clk 0:02:43]} exd5+ {[%clk 0:03:14]} 37. Kxd5
{[%clk 0:02:47]} Kf8 {[%clk 0:02:33]} 38. e6 {[%clk 0:02:39]} Rb5+
{[%clk 0:02:37]} 39. Ke4 {[%clk 0:01:59]} Rb4+ {[%clk 0:02:39]} 40. Kd5
{[%clk 0:02:02]} Rb5+ {[%clk 0:02:29]} 41. Ke4 {[%clk 0:02:06]} fxe6
{[%clk 0:02:32]} 42. Ne5 {[%clk 0:02:02]} g5 {[%clk 0:02:07]} 43. Ng6+
{[%clk 0:01:46]} Ke8 {[%clk 0:02:11]} 44. Rh7 {[%clk 0:01:49]} Bb4
{[%clk 0:02:04]} 45. Rxh6 {[%clk 0:01:51]} a5 {[%clk 0:02:07]} 46. Rh7
{[%clk 0:01:40]} a4 {[%clk 0:02:08]} 47. Rh8+ {[%clk 0:01:41]} Kd7
{[%clk 0:02:12]} 48. Ra8 {[%clk 0:01:45]} Ra5 {[%clk 0:02:08]} 49. Ne5+
{[%clk 0:01:44]} Kc7 {[%clk 0:02:03]} 50. Rxa5 {[%clk 0:01:29]} Bxa5
{[%clk 0:02:07]} 51. Kd3 {[%clk 0:01:25]} a3 {[%clk 0:02:03]} 52. Kc2
{[%clk 0:01:23]} a2 {[%clk 0:02:07]} 53. Kb2 {[%clk 0:01:10]} Bc3+
{[%clk 0:02:09]} 0-1

[Event "VIII Miedzynarodowy Memorial Ferdynanda Dziedzica"]
[Site "Trzcianka"]
[Date "2018.10.14"]
[Round "1.9"]
[White "Zakrzewski, Marek"]
[Black "Grzywacz, Grzegorz"]
[Result "1-0"]
[BlackElo "1561"]
[WhiteElo "2403"]
[LiveChessVersion "1.4.8"]

1. e4 {[%clk 0:10:07]} d5 {[%clk 0:10:01]} 2. exd5 {[%clk 0:10:09]} Qxd5
{[%clk 0:09:57]} 3. Nc3 {[%clk 0:10:12]} Qd8 {[%clk 0:09:54]} 4. d4
{[%clk 0:10:13]} Nf6 {[%clk 0:09:52]} 5. Nf3 {[%clk 0:10:15]} Bg4
{[%clk 0:09:50]} 6. Bc4 {[%clk 0:10:07]} e6 {[%clk 0:09:51]} 7. Bg5
{[%clk 0:09:40]} Be7 {[%clk 0:09:46]} 8. Qd2 {[%clk 0:09:33]} O-O
{[%clk 0:08:52]} 9. O-O-O {[%clk 0:09:00]} a6 {[%clk 0:08:54]} 10. h3
{[%clk 0:08:59]} Bf5 {[%clk 0:08:22]} 11. g4 {[%clk 0:08:35]} Bg6
{[%clk 0:08:24]} 12. Ne5 {[%clk 0:08:30]} Be4 {[%clk 0:07:48]} 13. Bxf6
{[%clk 0:08:17]} Bxh1 {[%clk 0:07:00]} 14. Bxe7 {[%clk 0:08:20]} Qxe7
{[%clk 0:06:53]} 15. Rxh1 {[%clk 0:08:22]} b5 {[%clk 0:06:46]} 16. Bd3
{[%clk 0:08:24]} b4 {[%clk 0:06:14]} 17. Ne4 {[%clk 0:08:25]} f6 {[%clk 0:05:24]}
18. Nf3 {[%clk 0:07:56]} Nd7 {[%clk 0:04:53]} 19. Re1 {[%clk 0:07:58]} a5
{[%clk 0:04:27]} 20. g5 {[%clk 0:07:23]} fxg5 {[%clk 0:03:55]} 21. Nexg5
{[%clk 0:07:25]} Rf6 {[%clk 0:03:11]} 22. Nxe6 {[%clk 0:06:36]} Rxf3
{[%clk 0:02:45]} 23. Nxc7 {[%clk 0:06:39]} Qf7 {[%clk 0:01:28]} 24. Nxa8
{[%clk 0:06:41]} Qxa2 {[%clk 0:01:15]} 25. Qe2 {[%clk 0:06:44]} Qa1+
{[%clk 0:01:15]} 26. Kd2 {[%clk 0:06:48]} Qxb2 {[%clk 0:01:13]} 27. Qxf3
{[%clk 0:06:40]} 1-0